[Event "Bremen Jubilee 125 op"]
[Site "Bremen"]
[Date "2024.03.09"]
[Round "8"]
[White "Efimenko, Zahar"]
[Black "Cheng, Bobby Sky"]
[Result "1/2-1/2"]
[WhiteElo "2568"]
[BlackElo "2584"]
[PlyCount "99"]
[EventDate "2024.03.02"]
[EventType "swiss"]
[EventRounds "9"]
[EventCountry "GER"]
[SourceTitle "CB11_2024"]
[SourceDate "2024.03.13"]
[SourceVersion "1"]
[SourceVersionDate "2024.03.13"]
[SourceQuality "1"]

1. e4 c5 2. Nf3 d6 3. d4 cxd4 4. Nxd4 Nf6 5. Nc3 a6 6. Bc4 e6 7. a4 Be7 8. 0-0 0-0 9. Be3 Nc6 10. Bb3 Bd7 11. f4 h6 12. Qe2 Qa5 13. f5 e5 14. Nxc6 bxc6 15. Rad1 Rab8 16. Bf2 Rb4 17. Kh1 Bc8 18. Qe1 Qd8 19. Bc5 dxc5 20. Rxd8 Rxd8 21. Qe2 Rdd4 22. Rd1 c4 23. Ba2 Bc5 24. a5 Rxb2 25. Bxc4 Rxd1+ 26. Nxd1 Rb1 27. Bd3 h5 28. h3 h4 29. Kh2 Ra1 30. c3 Bd6 31. Ne3 Bc5 32. g4 hxg3+ 33. Kxg3 Rxa5 34. Nc4 Ra1 35. Qb2 Rd1 36. Bc2 Nh5+ 37. Kh2 Rf1 38. h4 Rf2+ 39. Kh3 Rf3+ 40. Kg2 Rf2+ 41. Kh3 Nf4+ 42. Kg4 Rg2+ 43. Kf3 Rf2+ 44. Kg4 f6 45. Qb3 Kh7 46. Bd1 Bd7 47. Qb8 Rg2+ 48. Kf3 Rf2+ 49. Kg4 Rg2+ 50. Kf3 1/2-1/2

[Event "Bremen Jubilee 125 op"]
[Site "Bremen"]
[Date "2024.03.06"]
[Round "5"]
[White "Wachinger, Nikolas"]
[Black "Cheng, Bobby Sky"]
[Result "0-1"]
[WhiteElo "2442"]
[BlackElo "2584"]
[PlyCount "94"]
[EventDate "2024.03.02"]
[EventType "swiss"]
[EventRounds "9"]
[EventCountry "GER"]
[SourceTitle "CB11_2024"]
[SourceDate "2024.03.13"]
[SourceVersion "1"]
[SourceVersionDate "2024.03.13"]
[SourceQuality "1"]

1. e4 c6 2. Nf3 d5 3. Nc3 Bg4 4. h3 Bxf3 5. Qxf3 e6 6. Be2 d4 7. Nb1 Ne7 8. Qg3 Ng6 9. f4 Bd6 10. d3 0-0 11. 0-0 f5 12. e5 Bc5 13. Nd2 a5 14. a4 Na6 15. Kh2 Nb4 16. c3 Nc2 17. Rb1 Ne3 18. Rf3 Qb6 19. b4 axb4 20. cxb4 Bxb4 21. a5 Qxa5 22. Nb3 Qa2 23. Rb2 Qa7 24. Bxe3 dxe3 25. Bd1 Bc3 26. Re2 Qb6 27. Rfxe3 Rfd8 28. h4 Qb4 29. Rf3 Ne7 30. h5 Rd7 31. Qf2 Rad8 32. Bc2 Bd4 33. Nxd4 Rxd4 34. Qh4 Kf7 35. h6 Ng6 36. Qg5 Qe7 37. Qxe7+ Kxe7 38. hxg7 Nxf4 39. Ref2 Ng6 40. Rh3 Rg8 41. Rxh7 Nxe5 42. Re2 Ng4+ 43. Kg1 Nf6 44. Rh8 Rxg7 45. Rb8 Rb4 46. Kf1 Nd5 47. Ra8 Rb2 0-1

[Event "Bremen Jubilee 125 op"]
[Site "Bremen"]
[Date "2024.03.05"]
[Round "4"]
[White "Cheng, Bobby Sky"]
[Black "Aditya, Mittal"]
[Result "0-1"]
[WhiteElo "2584"]
[BlackElo "2594"]
[PlyCount "72"]
[EventDate "2024.03.02"]
[EventType "swiss"]
[EventRounds "9"]
[EventCountry "GER"]
[SourceTitle "CB11_2024"]
[SourceDate "2024.03.13"]
[SourceVersion "1"]
[SourceVersionDate "2024.03.13"]
[SourceQuality "1"]

1. d4 d5 2. c4 c6 3. cxd5 cxd5 4. Nc3 Nf6 5. Nf3 Nc6 6. Bf4 Bf5 7. e3 e6 8. Ne5 Bb4 9. Qb3 a5 10. Bb5 0-0 11. 0-0 Nxe5 12. Bxe5 h5 13. f3 h4 14. Rac1 Rc8 15. a3 Bd6 16. Bxd6 Qxd6 17. Be2 e5 18. Nb5 Qb6 19. a4 e4 20. f4 h3 21. g3 Bg4 22. Bxg4 Nxg4 23. Rfe1 Rfd8 24. Qa3 Qe6 25. Nc7 Qd7 26. Nb5 Nh6 27. Qb3 Qg4 28. Rc3 Nf5 29. Qc2 Rxc3 30. Nxc3 Nh4 31. Qe2 Nf3+ 32. Kh1 Rc8 33. Nxd5 Qe6 34. Nc3 Nxe1 35. Qxe1 Qb3 36. Qa1 Qc2 0-1

[Event "Bundesliga 2324"]
[Site "Germany"]
[Date "2024.01.14"]
[Round "6.4"]
[White "Cheng, Bobby Sky"]
[Black "Teclaf, Pawel"]
[Result "1-0"]
[WhiteElo "2572"]
[BlackElo "2585"]
[PlyCount "97"]
[EventDate "2023.10.21"]
[EventType "team-tourn"]
[EventRounds "15"]
[EventCountry "GER"]
[SourceTitle "CB03_2024"]
[SourceDate "2024.01.17"]
[SourceVersion "1"]
[SourceVersionDate "2024.01.17"]
[SourceQuality "1"]
[WhiteTeam "Werder Bremen"]
[BlackTeam "Kiel Turm"]
[WhiteTeamCountry "GER"]
[BlackTeamCountry "GER"]

1. d4 d5 2. c4 c6 3. Nf3 Nf6 4. Nc3 dxc4 5. a4 Bf5 6. Ne5 Nbd7 7. Nxc4 Nb6 8. Ne5 a5 9. f3 Nfd7 10. Nxd7 Bxd7 11. e4 e6 12. Be3 Rc8 13. Be2 Be7 14. 0-0 0-0 15. Qb3 Bb4 16. Rfd1 h6 17. Kh1 c5 18. dxc5 Bxc5 19. Nb5 Qe7 20. Nd6 Bxd6 21. Qxb6 Be5 22. f4 Rc2 23. Bd3 Rxb2 24. Qxa5 Bf6 25. e5 Bc6 26. Bf1 Bh4 27. Bc5 Qe8 28. Qc3 Rf2 29. Bxf2 Bxf2 30. Bb5 Bxb5 31. axb5 Qxb5 32. Qf3 Bc5 33. Rab1 Qc4 34. Rxb7 g6 35. Rbb1 Qa4 36. Ra1 Qb4 37. Rab1 Qa4 38. Rbc1 Qb4 39. Qc3 Qxc3 40. Rxc3 Bb6 41. Rb3 Bc5 42. Rc1 Ra8 43. g3 Bd4 44. Rc4 Ra1+ 45. Kg2 Ra2+ 46. Kf3 Rf2+ 47. Ke4 Ba7 48. Rb7 Re2+ 49. Kd3 1-0

[Event "Barcelona Sants op 24th"]
[Site "Barcelona"]
[Date "2023.08.26"]
[Round "9"]
[White "Cheng, Bobby Sky"]
[Black "Mateus Urbano, Luis Alejandro"]
[Result "1-0"]
[WhiteElo "2580"]
[BlackElo "2292"]
[PlyCount "45"]
[EventDate "2023.08.18"]
[EventType "swiss"]
[EventRounds "10"]
[EventCountry "ESP"]
[SourceTitle "CBM 215 Extra"]
[Source "ChessBase"]
[SourceDate "2023.09.30"]
[SourceVersion "1"]
[SourceVersionDate "2023.09.30"]
[SourceQuality "1"]

1. d4 d5 2. c4 c6 3. Nf3 Nf6 4. g3 e6 5. Bg2 Nbd7 6. 0-0 Be7 7. Qc2 0-0 8. Rd1 b6 9. b3 Ba6 10. Nbd2 Rc8 11. e4 c5 12. exd5 exd5 13. Bb2 b5 14. cxd5 cxd4 15. Qb1 Nxd5 16. Nxd4 N7f6 17. Nf5 Qb6 18. Bxd5 Nxd5 19. Ne4 Bb7 20. Rxd5 Rfe8 21. Ned6 Bxd6 22. Rxd6 Qc5 23. Qd3 1-0

[Event "Barcelona Sants op 24th"]
[Site "Barcelona"]
[Date "2023.08.19"]
[Round "2"]
[White "Bendayan Claros, Aaron Arturo"]
[Black "Cheng, Bobby Sky"]
[Result "0-1"]
[WhiteElo "2198"]
[BlackElo "2580"]
[PlyCount "84"]
[EventDate "2023.08.18"]
[EventType "swiss"]
[EventRounds "10"]
[EventCountry "ESP"]
[SourceTitle "CBM 215 Extra"]
[Source "ChessBase"]
[SourceDate "2023.09.30"]
[SourceVersion "1"]
[SourceVersionDate "2023.09.30"]
[SourceQuality "1"]

1. d4 d5 2. c4 e6 3. Nc3 Nf6 4. cxd5 exd5 5. Bg5 c6 6. e3 Bd6 7. Bd3 0-0 8. Qc2 h6 9. Bh4 Re8 10. Nf3 Be6 11. 0-0 Nbd7 12. Rab1 a5 13. Bg3 Bxg3 14. hxg3 Qe7 15. Rfc1 Qd6 16. a3 Rec8 17. Na4 Qc7 18. b4 b5 19. Nc5 Nxc5 20. Qxc5 Ne4 21. Qc2 Nd6 22. Ra1 Nc4 23. Nd2 Qe7 24. Qc3 a4 25. Nxc4 dxc4 26. Bc2 f5 27. Re1 Rf8 28. e4 f4 29. d5 Bd7 30. gxf4 Rxf4 31. Rad1 Raf8 32. f3 Qg5 33. Qd2 Qg3 34. dxc6 Bxc6 35. Re3 Rxf3 36. Rxf3 Rxf3 37. Rf1 Rxf1+ 38. Kxf1 Qe5 39. Qe3 Be8 40. Ke2 Bg6 41. Kd2 Kh7 42. Qc5 Qg3 0-1

[Event "Barcelona Sants op 24th"]
[Site "Barcelona"]
[Date "2023.08.18"]
[Round "1"]
[White "Cheng, Bobby Sky"]
[Black "Lacrosse, Marc"]
[Result "1-0"]
[WhiteElo "2580"]
[BlackElo "2063"]
[PlyCount "42"]
[EventDate "2023.08.18"]
[EventType "swiss"]
[EventRounds "10"]
[EventCountry "ESP"]
[SourceTitle "CBM 215 Extra"]
[Source "ChessBase"]
[SourceDate "2023.09.30"]
[SourceVersion "1"]
[SourceVersionDate "2023.09.30"]
[SourceQuality "1"]

1. d4 d5 2. c4 e6 3. Nf3 Nf6 4. Nc3 Nbd7 5. Bg5 c6 6. e3 Be7 7. Bd3 0-0 8. 0-0 dxc4 9. Bxc4 Nd5 10. Ne4 Bxg5 11. Nexg5 h6 12. Ne4 N5f6 13. Qc2 b6 14. Nd6 Qe7 15. Nxc8 Raxc8 16. Rac1 e5 17. Nh4 Nd5 18. Nf5 Qf6 19. Rfd1 exd4 20. Nxd4 Ne7 21. Ba6 Rcd8 1-0

[Event "Belgrade Serbia op"]
[Site "Belgrade"]
[Date "2023.07.22"]
[Round "7"]
[White "Manafov, Vugar Gulam"]
[Black "Cheng, Bobby Sky"]
[Result "0-1"]
[WhiteElo "2385"]
[BlackElo "2572"]
[PlyCount "86"]
[EventDate "2023.07.16"]
[EventType "swiss"]
[EventRounds "9"]
[EventCountry "SRB"]
[SourceTitle "CBM 215 Extra"]
[Source "ChessBase"]
[SourceDate "2023.09.30"]
[SourceVersion "1"]
[SourceVersionDate "2023.09.30"]
[SourceQuality "1"]

1. Nf3 d5 2. g3 Nf6 3. Bg2 e6 4. 0-0 Be7 5. d3 0-0 6. Nbd2 Nc6 7. e4 a5 8. Re1 a4 9. e5 Nd7 10. a3 f6 11. exf6 Bxf6 12. Nf1 e5 13. c4 dxc4 14. dxc4 Nd4 15. Nxd4 exd4 16. Qh5 c6 17. Bd2 g6 18. Qd1 Ne5 19. Bb4 Rf7 20. Rc1 Bf5 21. Be4 Qd7 22. Bxf5 Qxf5 23. f4 Ng4 24. Qf3 c5 25. Bxc5 Qxc5 26. Qxg4 d3+ 27. Kg2 Bxb2 28. Rb1 Qxa3 29. f5 Rxf5 30. Ne3 Rf7 31. Nd5 Raf8 32. Qe6 Kg7 33. Qb6 Bc3 34. Re3 Qa2+ 35. Kh3 Qxc4 36. Nf4 Kg8 37. Ne6 Re8 38. Ng5 Qc8+ 39. Kg2 Rxe3 40. Qxe3 Qc6+ 41. Kh3 Qd7+ 42. g4 h5 43. Rg1 Bd4 0-1

[Event "Belgrade Serbia op"]
[Site "Belgrade"]
[Date "2023.07.19"]
[Round "4"]
[White "Cheng, Bobby Sky"]
[Black "Urazayev, Arystanbek"]
[Result "1/2-1/2"]
[WhiteElo "2572"]
[BlackElo "2427"]
[PlyCount "127"]
[EventDate "2023.07.16"]
[EventType "swiss"]
[EventRounds "9"]
[EventCountry "SRB"]
[SourceTitle "CBM 215 Extra"]
[Source "ChessBase"]
[SourceDate "2023.09.30"]
[SourceVersion "1"]
[SourceVersionDate "2023.09.30"]
[SourceQuality "1"]

1. d4 d5 2. c4 e6 3. Nf3 Nf6 4. g3 Bb4+ 5. Nc3 0-0 6. Bg2 dxc4 7. 0-0 Nc6 8. Re1 h6 9. e4 a6 10. a3 Be7 11. Bf4 Na5 12. Qc2 b5 13. Rad1 c6 14. h3 Bb7 15. g4 Nb3 16. Be3 c5 17. dxc5 Qc7 18. g5 hxg5 19. Nxg5 e5 20. Nd5 Nxd5 21. exd5 Bxg5 22. d6 Qd7 23. Bxg5 Bxg2 24. Kxg2 Nxc5 25. Be7 Nd3 26. Rxd3 cxd3 27. Qxd3 Qe6 28. Qe4 Rfe8 29. Qxe5 Qxe5 30. Rxe5 Ra7 31. Kf3 f6 32. Rd5 Rd7 33. Rc5 Kf7 34. Rc6 Ra7 35. Ke4 Rh8 36. Rc3 Ke6 37. Re3 Raa8 38. Kd4+ Kd7 39. Rg3 Rh7 40. Kc5 Rb8 41. f4 Rh5+ 42. Kb4 Rh4 43. Rxg7 Rxf4+ 44. Kc5 Rf5+ 45. Kb4 Kc6 46. d7 a5+ 47. Kb3 Rf3+ 48. Ka2 Kxd7 49. Bxf6+ Ke6 50. Bd4 b4 51. a4 b3+ 52. Ka3 Rf1 53. Rg6+ Kd5 54. Bb6 Rc1 55. h4 Rc6 56. Rg5+ Ke4 57. Bxa5 Rc1 58. Bb4 Rc4 59. Bd6 Rb6 60. Bc5 Rb7 61. h5 Kf4 62. Rd5 Ke4 63. Rg5 Kf4 64. Rd5 1/2-1/2

[Event "Belgrade Serbia op"]
[Site "Belgrade"]
[Date "2023.07.18"]
[Round "3"]
[White "Cheng, Bobby Sky"]
[Black "Spasic, Petar"]
[Result "1-0"]
[WhiteElo "2572"]
[BlackElo "2303"]
[PlyCount "61"]
[EventDate "2023.07.16"]
[EventType "swiss"]
[EventRounds "9"]
[EventCountry "SRB"]
[SourceTitle "CBM 215 Extra"]
[Source "ChessBase"]
[SourceDate "2023.09.30"]
[SourceVersion "1"]
[SourceVersionDate "2023.09.30"]
[SourceQuality "1"]

1. Nf3 Nf6 2. c4 c6 3. d4 d5 4. e3 e6 5. Bd3 Nbd7 6. b3 Bd6 7. Bb2 b6 8. 0-0 0-0 9. Nc3 Bb7 10. Qc2 c5 11. cxd5 exd5 12. Nb5 Be7 13. Rfd1 a6 14. Nc3 Qc7 15. Bf5 Bd6 16. dxc5 bxc5 17. Ne2 Rfe8 18. Rac1 Ne4 19. Ng3 Ndf6 20. Qb1 Qe7 21. Bxe4 Nxe4 22. Nf5 Qd7 23. Nxg7 Rf8 24. Nh5 f5 25. Ba1 f4 26. Qb2 fxe3 27. fxe3 d4 28. exd4 Rxf3 29. gxf3 Kf7 30. d5 Rg8+ 31. Ng7 1-0

[Event "Belgrade Serbia op"]
[Site "Belgrade"]
[Date "2023.07.17"]
[Round "2"]
[White "Petrovic, Aleksa"]
[Black "Cheng, Bobby Sky"]
[Result "0-1"]
[WhiteElo "2311"]
[BlackElo "2572"]
[PlyCount "40"]
[EventDate "2023.07.16"]
[EventType "swiss"]
[EventRounds "9"]
[EventCountry "SRB"]
[SourceTitle "CBM 215 Extra"]
[Source "ChessBase"]
[SourceDate "2023.09.30"]
[SourceVersion "1"]
[SourceVersionDate "2023.09.30"]
[SourceQuality "1"]

1. d4 Nf6 2. Nf3 d5 3. c4 e6 4. g3 Bb4+ 5. Bd2 a5 6. Qc2 0-0 7. Bg2 Be7 8. cxd5 exd5 9. Nc3 c6 10. 0-0 Re8 11. Rad1 Nbd7 12. Bg5 h6 13. Bf4 Nf8 14. Ne5 Be6 15. Rfe1 N8d7 16. Nxd7 Bxd7 17. e4 dxe4 18. d5 Bg4 19. Rd2 cxd5 20. Nxe4 Bb4 0-1

[Event "FRA-chT Top 16 GpB"]
[Site "Chartres"]
[Date "2023.06.05"]
[Round "5.4"]
[White "Tranchant, Sebastien"]
[Black "Cheng, Bobby Sky"]
[Result "0-1"]
[WhiteElo "2292"]
[BlackElo "2559"]
[PlyCount "46"]
[EventDate "2023.06.01"]
[EventType "team-tourn"]
[EventRounds "7"]
[EventCountry "FRA"]
[SourceTitle "CBM 214 Extra"]
[Source "ChessBase"]
[SourceDate "2023.07.31"]
[SourceVersion "1"]
[SourceVersionDate "2023.07.31"]
[SourceQuality "1"]
[WhiteTeam "Poitiers Migne"]
[BlackTeam "St Quentin"]
[WhiteTeamCountry "FRA"]
[BlackTeamCountry "FRA"]

1. d4 Nf6 2. c4 e6 3. Nc3 Bb4 4. e3 0-0 5. Nge2 Re8 6. a3 Bf8 7. d5 a5 8. Ng3 Na6 9. Be2 Nc5 10. b3 exd5 11. cxd5 c6 12. Rb1 b5 13. Bf3 b4 14. Nce2 cxd5 15. axb4 Nce4 16. 0-0 Bxb4 17. Ra1 Ba6 18. Nf4 Bxf1 19. Nxf1 d4 20. exd4 Rc8 21. d5 Bc5 22. Nd3 Bd4 23. Bb2 Nxf2 0-1

[Event "FRA-chT Top 16 GpB"]
[Site "Chartres"]
[Date "2023.06.04"]
[Round "4.2"]
[White "Cheng, Bobby Sky"]
[Black "Visakh, Narayanan Rajeswari"]
[Result "1/2-1/2"]
[WhiteElo "2559"]
[BlackElo "2542"]
[PlyCount "51"]
[EventDate "2023.06.01"]
[EventType "team-tourn"]
[EventRounds "7"]
[EventCountry "FRA"]
[SourceTitle "CBM 214 Extra"]
[Source "ChessBase"]
[SourceDate "2023.07.31"]
[SourceVersion "1"]
[SourceVersionDate "2023.07.31"]
[SourceQuality "1"]
[WhiteTeam "St Quentin"]
[BlackTeam "Metz Fischer"]
[WhiteTeamCountry "FRA"]
[BlackTeamCountry "FRA"]

1. d4 Nf6 2. c4 e6 3. Nf3 c5 4. d5 exd5 5. cxd5 d6 6. Nc3 g6 7. Bf4 Bg7 8. e3 0-0 9. h3 Na6 10. Bxa6 bxa6 11. Rc1 Rb8 12. b3 a5 13. 0-0 Re8 14. Re1 Nh5 15. Bh2 f5 16. Nd2 Ba6 17. Nc4 Bxc4 18. bxc4 Qd7 19. Nb5 Be5 20. Bxe5 Rxe5 21. Rb1 Rf8 22. Nc3 Qe7 23. g3 Re8 24. Kf1 f4 25. gxf4 Nxf4 26. exf4 1/2-1/2

[Event "FRA-chT Top 16 GpB"]
[Site "Chartres"]
[Date "2023.06.01"]
[Round "1.2"]
[White "Moussard, Jules"]
[Black "Cheng, Bobby Sky"]
[Result "1/2-1/2"]
[WhiteElo "2644"]
[BlackElo "2559"]
[PlyCount "96"]
[EventDate "2023.06.01"]
[EventType "team-tourn"]
[EventRounds "7"]
[EventCountry "FRA"]
[SourceTitle "CBM 214 Extra"]
[Source "ChessBase"]
[SourceDate "2023.07.31"]
[SourceVersion "1"]
[SourceVersionDate "2023.07.31"]
[SourceQuality "1"]
[WhiteTeam "Asnieres"]
[BlackTeam "St Quentin"]
[WhiteTeamCountry "FRA"]
[BlackTeamCountry "FRA"]

1. c4 e6 2. Nc3 d5 3. d4 c5 4. cxd5 exd5 5. dxc5 Nf6 6. Be3 Na6 7. Bd4 Bxc5 8. e3 Bxd4 9. Qxd4 Nc7 10. Rd1 0-0 11. Nf3 Qe7 12. Be2 Bg4 13. 0-0 Rfd8 14. h3 Bh5 15. Qh4 Ne6 16. Rd2 Rd6 17. Rfd1 Rad8 18. Qb4 Qf8 19. Nd4 Nxd4 20. Qxd4 Bxe2 21. Nxe2 a6 22. Rc2 R6d7 23. Rdc1 Qd6 24. b4 h6 25. a4 Re8 26. Ng3 g6 27. b5 axb5 28. axb5 h5 29. Ne2 Re4 30. Rc8+ Kg7 31. Qa1 Rc4 32. R8xc4 dxc4 33. Ng3 Qe6 34. Qc3 h4 35. Nf1 Rc7 36. Nd2 Rc5 37. Nf3 Qe4 38. Nd2 Qe6 39. Nf3 Qe4 40. Rd1 Rd5 41. Rxd5 Qxd5 42. Nd2 Qxb5 43. Nxc4 Qc5 44. Qd3 b5 45. Nd6 b4 46. Nc4 Nd5 47. Kf1 Nc3 48. Ke1 Qa7 1/2-1/2

[Event "Paris Rapid op"]
[Site "Paris"]
[Date "2023.03.04"]
[Round "8"]
[White "Cheng, Bobby Sky"]
[Black "Bellahcene, Bilel"]
[Result "1-0"]
[WhiteElo "2543"]
[BlackElo "2481"]
[PlyCount "100"]
[EventDate "2023.03.04"]
[EventType "swiss (rapid)"]
[EventRounds "9"]
[EventCountry "FRA"]
[SourceTitle "CBM 213 Extra"]
[Source "ChessBase"]
[SourceDate "2023.05.31"]
[SourceVersion "1"]
[SourceVersionDate "2023.05.31"]
[SourceQuality "1"]

1. d4 Nf6 2. c4 b6 3. Nc3 Bb7 4. Qc2 Nc6 5. Nf3 Nb4 6. Qb1 e6 7. e4 d6 8. a3 Nc6 9. Bd3 g6 10. 0-0 Bg7 11. d5 Ne7 12. Qc2 0-0 13. b4 Nd7 14. Bb2 c5 15. dxe6 fxe6 16. Ng5 Rf6 17. e5 Nxe5 18. Nce4 Nf5 19. Bxe5 dxe5 20. Nxf6+ Qxf6 21. Be4 Nd4 22. Qd3 Qxg5 23. Bxb7 Rb8 24. Be4 Bf8 25. b5 Bd6 26. a4 Bc7 27. g3 Rd8 28. Qe3 Qe7 29. Rad1 Kg7 30. Kg2 Rf8 31. h4 Qf6 32. f3 Rf7 33. Rf2 Rf8 34. Bd3 Rf7 35. Qe4 Kg8 36. Rh1 Bd8 37. Qg4 Bc7 38. Re1 Kg7 39. h5 g5 40. h6+ Kf8 41. Qe4 Ke7 42. a5 Kd6 43. axb6 Bxb6 44. g4 Rd7 45. Qa8 Qd8 46. Qxd8 Bxd8 47. Rh1 Rf7 48. Be4 Nb3 49. Ra2 Nd4 50. Rh5 Rc7 1-0

[Event "Kragero op"]
[Site "Kragero"]
[Date "2023.02.26"]
[Round "9"]
[White "Cheng, Bobby Sky"]
[Black "Ohanyan, Emin"]
[Result "0-1"]
[WhiteElo "2574"]
[BlackElo "2385"]
[PlyCount "168"]
[EventDate "2023.02.22"]
[EventType "swiss"]
[EventRounds "9"]
[EventCountry "NOR"]
[SourceTitle "CBM 212 Extra"]
[Source "ChessBase"]
[SourceDate "2023.03.31"]
[SourceVersion "1"]
[SourceVersionDate "2023.03.31"]
[SourceQuality "1"]

1. Nf3 d5 2. c4 e6 3. g3 Nf6 4. Bg2 d4 5. 0-0 c5 6. e3 Nc6 7. exd4 cxd4 8. d3 Be7 9. Na3 Bxa3 10. bxa3 0-0 11. Re1 Re8 12. Bf4 Nd7 13. Bd6 Nf6 14. Bf4 Nd7 15. Ng5 h6 16. Ne4 e5 17. Bd2 Nf6 18. Rb1 Rb8 19. Nc5 Qc7 20. Qa4 Nd7 21. Qb5 Nxc5 22. Qxc5 Bf5 23. Rb3 Qd7 24. a4 Rbc8 25. a5 e4 26. dxe4 Re5 27. Qa3 Bh3 28. Bh1 Rd8 29. f4 Ree8 30. Rb5 Be6 31. Qd3 f6 32. Reb1 Rb8 33. Bf3 Qf7 34. Bh5 g6 35. Be2 f5 36. e5 Rec8 37. Rc1 Rc7 38. Bf3 Rbc8 39. Kf2 Rd7 40. Rc5 a6 41. Rb1 Qf8 42. Rd5 Qf7 43. Rc5 Qf8 44. Bd5 Qe7 45. Qb3 Rcc7 46. Qb6 Kf7 47. Bxe6+ Qxe6 48. Rd5 Ke7 49. Qc5+ Kf7 50. Rb6 g5 51. fxg5 f4 52. gxf4 Kg7 53. Rb1 Qh3 54. Rg1 Qd3 55. Be1 Qe3+ 56. Kg2 Qe4+ 57. Kh3 Qf3+ 58. Bg3 hxg5 59. e6 Qh5+ 60. Kg2 Qe2+ 61. Bf2 Qe4+ 62. Kh3 Qxe6+ 63. Rg4 Rxd5 64. Qxd5 Kf7 65. Qxg5 Kf8 66. f5 Rh7+ 67. Bh4 Qxc4 68. Qf6+ Ke8 69. Qg6+ Qf7 70. Kg2 Ne5 71. Re4 Rg7 72. Rxe5+ Kf8 73. Bg3 Rxg6 74. fxg6 Qxg6 75. Kf3 Qc2 76. Bf4 d3 77. Rd5 Ke7 78. Rd6 Qe2+ 79. Kg3 Qxa2 80. Rxd3 Qxa5 81. h4 Qe1+ 82. Kg4 Qe6+ 83. Kg5 Qg8+ 84. Kh6 Qf8+ 0-1

[Event "Kragero op"]
[Site "Kragero"]
[Date "2023.02.22"]
[Round "2"]
[White "Reimanis, Ritvars"]
[Black "Cheng, Bobby Sky"]
[Result "0-1"]
[WhiteElo "2367"]
[BlackElo "2574"]
[PlyCount "66"]
[EventDate "2023.02.22"]
[EventType "swiss"]
[EventRounds "9"]
[EventCountry "NOR"]
[SourceTitle "CBM 212 Extra"]
[Source "ChessBase"]
[SourceDate "2023.03.31"]
[SourceVersion "1"]
[SourceVersionDate "2023.03.31"]
[SourceQuality "1"]

1. d4 Nf6 2. c4 e6 3. Nf3 d5 4. Nc3 c6 5. e3 Nbd7 6. Qc2 Bd6 7. Bd2 0-0 8. Rd1 Qe7 9. a3 a6 10. Be2 dxc4 11. Bxc4 e5 12. dxe5 Nxe5 13. Be2 Re8 14. Nxe5 Qxe5 15. Bc1 Bf5 16. Qb3 b5 17. Bf3 Rac8 18. Ne2 c5 19. Qc3 c4 20. Qa5 Bc2 21. Rd2 Bd3 22. Qxa6 b4 23. Kd1 g5 24. h4 g4 25. Bb7 Rcd8 26. Nd4 Ne4 27. f4 gxf3 28. Bxe4 Be2+ 29. Nxe2 fxe2+ 30. Rxe2 Qxe4 31. Rd2 c3 32. bxc3 bxc3 33. Rd4 c2+ 0-1

[Event "Wch Blitz"]
[Site "Almaty"]
[Date "2022.12.30"]
[Round "21"]
[White "Cheng, Bobby Sky"]
[Black "Hovhannisyan, Robert"]
[Result "1-0"]
[WhiteElo "2476"]
[BlackElo "2570"]
[PlyCount "97"]
[EventDate "2022.12.29"]
[EventType "swiss (blitz)"]
[EventRounds "21"]
[EventCountry "KAZ"]
[SourceTitle "CBM 212"]
[Source "ChessBase"]
[SourceDate "2023.02.28"]
[SourceVersion "1"]
[SourceVersionDate "2023.02.28"]
[SourceQuality "1"]

1. Nf3 d5 2. g3 Bg4 3. Bg2 e6 4. 0-0 Nf6 5. d3 Be7 6. h3 Bh5 7. Qe1 0-0 8. e4 c5 9. Nh4 dxe4 10. dxe4 Nfd7 11. Nf3 Nc6 12. Bf4 Qb6 13. Qc1 Rfd8 14. Nbd2 Qa6 15. Re1 c4 16. Bf1 Nb6 17. a4 Na5 18. c3 Bxf3 19. Nxf3 Nb3 20. Qc2 Nxa1 21. Rxa1 Qa5 22. Be3 Bc5 23. Bg5 f6 24. Bf4 e5 25. Bc1 Rd7 26. Nd2 Kh8 27. b4 Bxb4 28. cxb4 Qxb4 29. a5 c3 30. Nf3 Rc8 31. axb6 Qxb6 32. Be3 Qb2 33. Qxb2 cxb2 34. Rb1 b6 35. Rxb2 g6 36. Kg2 Kg7 37. g4 Rc3 38. g5 Rdc7 39. gxf6+ Kxf6 40. Rb5 Rxe3 41. fxe3 Rc2+ 42. Kg3 Rc1 43. Be2 Rc3 44. Kf2 h5 45. Nxe5 Ra3 46. Nf3 Ra4 47. e5+ Ke7 48. Nd4 g5 49. Bxh5 1-0